书目信息 |
| 题名: |
意识的哲学分析
|
|
| 作者: | 安晖 著 | |
| 分册: | ||
| 出版信息: | 北京 科学出版社 2016 |
|
| 页数: | 12,201页 | |
| 开本: | 24cm | |
| 丛书名: | 山西大学认知哲学丛书 | |
| 单 册: | ||
| 中图分类: | B842.7 | |
| 科图分类: | ||
| 主题词: | 意识--yi shi--研究 | |
| 电子资源: | ||
| ISBN: | 978-7-03-048794-0 | |
| 000 | 00972nam0 22002651 450 | |
| 001 | 0102164904 | |
| 005 | 20170502164904.0 | |
| 010 | @a978-7-03-048794-0@dCNY68.00 | |
| 100 | @a20160720d2016 em y0chiy50 ea | |
| 101 | 0 | @achi |
| 102 | @aCN@b110000 | |
| 105 | @ay z 000yy | |
| 106 | @ar | |
| 200 | 1 | @a意识的哲学分析@9yi shi de zhe xue fen xi@f安晖著 |
| 210 | @a北京@c科学出版社@d2016 | |
| 215 | @a12,201页@d24cm | |
| 225 | 2 | @a山西大学认知哲学丛书@9shan xi da xue ren zhi zhe xue cong shu@f魏屹东主编 |
| 300 | @a教育部人文社会科学重点研究基地山西大学“科学技术哲学研究中心”基金 山西省优势重点学科基金资助 | |
| 330 | @a本书试图运用语境分析方法建立意识的语境认知构架。内容包括:意识的结构本体论、意识的语境认识论、意识研究的方法论、意识的认识构架。 | |
| 461 | 0 | @12001 @a山西大学认知哲学丛书 |
| 606 | 0 | @a意识@9yi shi@x研究 |
| 690 | @aB842.7@v5 | |
| 701 | 0 | @a安晖@9an hui@4著 |
| 801 | 0 | @aCN@b百万庄@c20170308 |
| 905 | @b1002400-5@dB842.7@e1633@f6 | |
| 意识的哲学分析/安晖著 .-北京:科学出版社,2016 |
| 12,201页;24cm.-(山西大学认知哲学丛书/魏屹东主编) |
| 教育部人文社会科学重点研究基地山西大学“科学技术哲学研究中心”基金 山西省优势重点学科基金资助 |
| ISBN 978-7-03-048794-0:CNY68.00 |
| 本书试图运用语境分析方法建立意识的语境认知构架。内容包括:意识的结构本体论、意识的语境认识论、意识研究的方法论、意识的认识构架。 |
| ● |
| 相关链接 |
|
|
|
|
正题名:意识的哲学分析
索取号:B842.7/1633
 
预约/预借
| 序号 | 登录号 | 条形码 | 馆藏地/架位号 | 状态 | 备注 |
| 1 | 1002400 | 210024007 | 第一样本阅览室/ [索取号:B842.7/1633] | 在馆 | |
| 2 | 1002401 | 210024016 | 教育系资料室/ [索取号:B842.7/1633] | 在馆 | |
| 3 | 1002402 | 210024025 | 教育系资料室/ [索取号:B842.7/1633] | 在馆 | |
| 4 | 1002403 | 210024034 | 教育系资料室/ [索取号:B842.7/1633] | 在馆 | |
| 5 | 1002404 | 210024043 | 第一借阅区/ [索取号:B842.7/1633] | 在馆 | |
| 6 | 1002405 | 210024052 | 第一借阅区/ [索取号:B842.7/1633] | 在馆 |